000 01535nam a2200385 c 4500
003 BLK
005 20240418005344.0
008 180409b bul|||||r ||||||| ||bul||
010 _aKNG00106404000
020 _a978-954-625-681-2
_bиздат.: Фют
040 _aBLK
041 _aBUL
_cBUL
072 7 _2bullib
_aН86
_xДетска отраслова литература Н
080 _aКотки
_b636.8
_x(035)
_z636.8(035)
100 1 _aПаркър, Стив
_eпърви автор
_9372343
700 _aРаленкова, Албена Василева
_d1968 -
_gПреводач от английски и френски език.
_9368050
139 _aПаркър, Стив
_bП 22
245 1 0 _aКотките
_cСтив Паркър; прев. Албена Раленкова.
257 _aGBR
260 София
_bФют
_c2011
300 _a48 с.
_bс цв. ил.
_c21 см
380 _aDN
490 1 _a100 интересни неща за...
500 _aОриг. загл. 100 Things You Should Know About Cats Kittens. - Речник ; Азб. показалец.
650 4 _aКотки - справочници и енциклопедии
_9256576
653 _aкотки
653 _aдомашни животни
659 _aН
852 _aЦб 255071
856 4 _qpdf
_u
856 4 _qpdf
_u
942 _cKNG
_n0
_011
944 _aCR
_c16.05.2012
_lCRON CRON
_k
944 _aED
_c28.01.2015
_lф /
_kЛюдмила_Стоянова
999 _c101360
_d101360